000 02931nam a22002894a 4500
003 BOLpUSFA
005 20260407145433.0
008 t bo grm 001 f spa||
040 _aBOLpUSFA
041 _aspa
044 _aBO
082 _aDER0146
_bB641pT
100 _aBlanco Vargas, David Gonzalo
245 _aProyecto de Ley de incorporación del Artículo 281 Decies, relativo al discurso de odio, en el Código Penal Boliviano
260 _aEl Alto:
_bUniversidad Privada San Francisco de Asís. Carrera de Derecho,
_c2025
300 _a103 p.
502 _aModalidad: Tesis de Grado - Tutor: Dra. Liliam Mabel Blacutt García
520 _aLa presente investigación jurídica aborda la necesidad imperiosa de tipificar el delito de discurso de odio en el Código Penal boliviano mediante la incorporación del Artículo 281 decies. El estudio se origina en el diagnóstico de un vacío legal: la norma actual (Art. 281 septies) resulta insuficiente, al enfocarse únicamente en el racismo y la discriminación basados en raza, dejando desprotegidos los ataques por motivos cruciales como la ideología, la identidad de género, la orientación sexual o la nacionalidad, tal como se evidenció en los periodos de crisis y alta polarización social. El objetivo central es diseñar una propuesta de ley que sea garantista y restrictiva, balanceando la protección de la dignidad humana bien jurídico supremo y fundamento del Derecho Penal con el respeto a la libertad de expresión. Metodológicamente, se emplea un enfoque propositivo, dogmático y comparado, analizando legislaciones como la española para extraer modelos de tipificación precisos que sancionen la incitación pública a la hostilidad, el desprecio o la violencia. Se concluye que el discurso de odio opera como una fase preparatoria o ideológica de delitos más graves contra la vida y la integridad, razón por la cual su penalización es un mecanismo de anticipación de la tutela estatal. La propuesta busca proteger la convivencia pacífica en la diversidad, estableciendo una barrera legal contra la deshumanización del otro. A pesar del riesgo de instrumentalización política identificado por los operadores de justicia, la ley propuesta se justifica como necesaria para subsanar la insuficiencia normativa y proteger la estructura democrática del Estado Plurinacional. Palabras Clave: Discurso de Odio, Código Penal Boliviano, Dignidad Humana, Incitación a la Violencia, Libertad de Expresión, Bien Jurídico, Racismo, 281 decies.
650 _aDerecho
650 _aTesis de Grado
650 _aProyecto de Ley
650 _aDiscurso de odio
650 _aDignidad
650 _aViolencia
650 _aDiscriminación
942 _2ddc
_cTE
_zLLO
999 _c9691
_d9691